[Event "Pardubice Region-chT 2223"]
[Site "Czech Republic"]
[Date "2023.04.02"]
[Round "11.2"]
[White "Hajek, Jiri"]
[Black "Smajzrova, Veronika"]
[Result "1/2-1/2"]
[WhiteElo "2024"]
[BlackElo "1843"]
[PlyCount "63"]
[EventDate "2022.10.09"]
[EventType "team-tourn"]
[EventRounds "11"]
[EventCountry "CZE"]
[SourceTitle "EXT 2024"]
[Source "ChessBase"]
[SourceDate "2023.10.10"]
[SourceVersion "1"]
[SourceVersionDate "2023.10.10"]
[SourceQuality "1"]

1. d4 d5 2. Nf3 Nf6 3. Bf4 Bf5 4. e3 e6 5. Bd3 Bg6 6. 0-0 Bd6 7. Bg3 0-0 8. c4 dxc4 9. Bxc4 c5 10. Nc3 Bxg3 11. hxg3 cxd4 12. Nxd4 e5 13. Ndb5 Qxd1 14. Rfxd1 Nc6 15. Nd6 Rab8 16. Rd2 Na5 17. Be2 Ne8 18. Rad1 Nxd6 19. Rxd6 Bf5 20. R6d5 Nc6 21. a3 Be6 22. Rd6 Rfd8 23. Bf3 Rxd6 24. Rxd6 Na5 25. Bd5 Bxd5 26. Rxd5 Nc6 27. Kf1 Rd8 28. Ke2 Kf8 29. Kd3 Ke7 30. Ke4 Ke6 31. Rxd8 Nxd8 32. g4 1/2-1/2

[Event "Pardubice Region-chT 2223"]
[Site "Czech Republic"]
[Date "2022.11.13"]
[Round "3.3"]
[White "Mik, Tomas"]
[Black "Smajzrova, Veronika"]
[Result "1-0"]
[WhiteElo "1878"]
[BlackElo "1883"]
[PlyCount "97"]
[EventDate "2022.10.09"]
[EventType "team-tourn"]
[EventRounds "11"]
[EventCountry "CZE"]
[SourceTitle "EXT 2024"]
[Source "ChessBase"]
[SourceDate "2023.10.10"]
[SourceVersion "1"]
[SourceVersionDate "2023.10.10"]
[SourceQuality "1"]

1. e4 c5 2. Nf3 e6 3. d4 cxd4 4. Nxd4 a6 5. a3 Nf6 6. Nc3 Qc7 7. Be3 b5 8. Bd3 Bb7 9. 0-0 Be7 10. f4 d6 11. Kh1 Nbd7 12. Qf3 Nc5 13. Rae1 0-0 14. Bd2 Rfe8 15. Qh3 Nxd3 16. cxd3 Qc5 17. Nf3 Qh5 18. Qg3 Qg4 19. Qf2 Nh5 20. Ne2 f5 21. h3 Qg6 22. exf5 exf5 23. Kh2 Nf6 24. Nh4 Qh5 25. Nd4 g6 26. Bc3 Nd5 27. Ndxf5 Bxh4 28. Nxh4 Nxc3 29. bxc3 Qd5 30. f5 g5 31. Qg3 h6 32. Rxe8+ Rxe8 33. f6 Kf7 34. Nf5 Re2 35. Nxh6+ Kf8 36. Rf2 Rxf2 37. Qxf2 Qe5+ 38. Qg3 Qxf6 39. Ng4 Qe6 40. Qf2+ Ke7 41. Qd4 Kf7 42. Qh8 Qd5 43. Qf6+ Ke8 44. Ne3 Qxd3 45. Nf5 Kd7 46. Qe7+ Kc6 47. Nd4+ Kb6 48. Qxd6+ Ka7 49. Nc6+ 1-0

[Event "Pardubice Region-chT 2223"]
[Site "Czech Republic"]
[Date "2022.10.30"]
[Round "2.3"]
[White "Smajzrova, Veronika"]
[Black "Stolba, Milos"]
[Result "1/2-1/2"]
[WhiteElo "1883"]
[BlackElo "2006"]
[PlyCount "48"]
[EventDate "2022.10.09"]
[EventType "team-tourn"]
[EventRounds "11"]
[EventCountry "CZE"]
[SourceTitle "EXT 2024"]
[Source "ChessBase"]
[SourceDate "2023.10.10"]
[SourceVersion "1"]
[SourceVersionDate "2023.10.10"]
[SourceQuality "1"]

1. e4 d5 2. exd5 Qxd5 3. Nc3 Qa5 4. d4 Nf6 5. Nf3 c6 6. Bf4 Bf5 7. Bd3 e6 8. 0-0 Be7 9. Ne5 Bxd3 10. Qxd3 0-0 11. Ne4 Nxe4 12. Qxe4 Qd5 13. Qe3 Rd8 14. c3 Nd7 15. h3 Nxe5 16. Qxe5 Bf6 17. Qe2 Qf5 18. Be5 Bxe5 19. dxe5 Rd5 20. f4 Rad8 21. Rad1 h5 22. Rxd5 Rxd5 23. Kh2 g6 24. g3 Qd3 1/2-1/2

[Event "World Corporate East C"]
[Site "Chess.com INT"]
[Date "2021.02.20"]
[Round "4.8"]
[White "Sriram, Jha"]
[Black "Smajzrova, Veronika"]
[Result "1-0"]
[WhiteElo "2379"]
[BlackElo "1858"]
[PlyCount "87"]
[EventDate "2021.02.19"]
[EventType "team (rapid)"]
[EventRounds "7"]
[EventCountry "USA"]
[SourceTitle "EXT 2022"]
[Source "ChessBase"]
[SourceDate "2021.10.06"]
[SourceVersion "1"]
[SourceVersionDate "2021.10.06"]
[SourceQuality "1"]
[WhiteTeam "LIC"]
[BlackTeam "Buhler"]
[WhiteTeamCountry "IND"]
[BlackTeamCountry "CZE"]

1. d4 d5 2. Nf3 Nf6 3. c4 e6 4. Nc3 Be7 5. Bf4 c6 6. e3 0-0 7. Be2 dxc4 8. Bxc4 Nbd7 9. 0-0 Nb6 10. Be2 c5 11. dxc5 Bxc5 12. Rc1 Bd7 13. Ne5 Rc8 14. Bf3 Bc6 15. Nxc6 bxc6 16. Ne4 Nxe4 17. Bxe4 Be7 18. Bxc6 Bf6 19. b3 Nd5 20. Bxd5 Rxc1 21. Qxc1 Qxd5 22. Rd1 Qa5 23. Qc2 g6 24. h3 Re8 25. Bg3 Qa3 26. Rd7 Qa5 27. Qc7 Qxc7 28. Rxc7 Ra8 29. Rd7 a5 30. Rc7 Kf8 31. Bd6+ Ke8 32. e4 Bd8 33. Rb7 a4 34. b4 Bf6 35. e5 Bd8 36. g3 a3 37. Kg2 Ra6 38. Bc5 Ra8 39. h4 Ra6 40. Kf3 Ra8 41. Ke4 Ra6 42. Kd4 h5 43. Kc4 Ra8 44. Kb3 1-0

[Event "World Corporate East C"]
[Site "Chess.com INT"]
[Date "2021.02.19"]
[Round "2.7"]
[White "Ragozin, Andrei"]
[Black "Smajzrova, Veronika"]
[Result "0-1"]
[WhiteElo "2021"]
[BlackElo "1858"]
[PlyCount "98"]
[EventDate "2021.02.19"]
[EventType "team (rapid)"]
[EventRounds "7"]
[EventCountry "USA"]
[SourceTitle "EXT 2022"]
[Source "ChessBase"]
[SourceDate "2021.10.06"]
[SourceVersion "1"]
[SourceVersionDate "2021.10.06"]
[SourceQuality "1"]
[WhiteTeam "Tensor"]
[BlackTeam "Buhler"]
[WhiteTeamCountry "RUS"]
[BlackTeamCountry "CZE"]

1. d4 Nf6 2. c4 c5 3. dxc5 Qa5+ 4. Nc3 Qxc5 5. e3 g6 6. a3 Bg7 7. b4 Qc7 8. Bb2 0-0 9. Nf3 d6 10. Be2 Nc6 11. 0-0 Bf5 12. Rc1 Rfd8 13. Nb5 Qb6 14. Nbd4 Nxd4 15. Nxd4 Bd7 16. Bf3 a5 17. Bc3 axb4 18. axb4 Rdc8 19. Qe2 Qa6 20. Ra1 Qb6 21. Nb3 d5 22. Nc5 Rxa1 23. Rxa1 dxc4 24. Qxc4 Bb5 25. Qb3 Bc6 26. Bxc6 Qxc6 27. Bd4 Nd5 28. Bxg7 Kxg7 29. Qb2+ Kg8 30. e4 Nxb4 31. Qxb4 Qxc5 32. Qe1 b5 33. h3 b4 34. Rb1 Rb8 35. Rb3 Qc4 36. Qe3 Rd8 37. Kh2 Rd4 38. f3 Qc7+ 39. f4 Rc4 40. Rb2 Rc3 41. Qd2 b3 42. Rb1 Rc2 43. Qb4 Qxf4+ 44. Kh1 Rc1+ 45. Rxc1 Qxc1+ 46. Kh2 b2 47. Qxe7 Qf4+ 48. g3 Qf2+ 49. Kh1 b1Q# 0-1

[Event "World Corporate East C"]
[Site "Chess.com INT"]
[Date "2021.02.19"]
[Round "3.9"]
[White "Smajzrova, Veronika"]
[Black "Fernandez Camacho, Pedro"]
[Result "1-0"]
[WhiteElo "1858"]
[BlackElo "1813"]
[PlyCount "89"]
[EventDate "2021.02.19"]
[EventType "team (rapid)"]
[EventRounds "7"]
[EventCountry "USA"]
[SourceTitle "EXT 2022"]
[Source "ChessBase"]
[SourceDate "2021.10.06"]
[SourceVersion "1"]
[SourceVersionDate "2021.10.06"]
[SourceQuality "1"]
[WhiteTeam "Buhler"]
[BlackTeam "Indra Sistemas"]
[WhiteTeamCountry "CZE"]
[BlackTeamCountry "ESP"]

1. e4 e5 2. Nf3 f5 3. Nxe5 Qf6 4. Nc4 fxe4 5. Ne3 c6 6. d4 d5 7. c4 Bb4+ 8. Bd2 Bxd2+ 9. Qxd2 Ne7 10. Nc3 Be6 11. cxd5 cxd5 12. Bb5+ Nbc6 13. Rc1 0-0 14. Bxc6 bxc6 15. Na4 Rab8 16. b4 Rxb4 17. Qxb4 Qxf2+ 18. Kd1 Nf5 19. Nxf5 Bxf5 20. Qd2 Qh4 21. Nc3 Bg6 22. Ne2 Bh5 23. Qe3 Rf2 24. Re1 Rxg2 25. Rxc6 Qxh2 26. Rc8+ Kf7 27. Rf1+ Ke6 28. Rc6+ Kd7 29. Rc2 Rxe2 30. Rxe2 Ke6 31. Kd2 Qxe2+ 32. Qxe2 Bxe2 33. Kxe2 h5 34. Rh1 g6 35. Ke3 Kf7 36. Kf4 Kf6 37. Rg1 h4 38. Kg4 h3 39. Kxh3 Kf5 40. Rf1+ Ke6 41. Kg4 a6 42. Kg5 Ke7 43. Kxg6 a5 44. Kf5 e3 45. Re1 1-0

[Event "CZE-chT U18 Extraliga final-B 1819"]
[Site "Czech Republic"]
[Date "2019.04.13"]
[Round "10.6"]
[White "Smajzrova, Veronika"]
[Black "Blazek, Tomas1"]
[Result "1-0"]
[WhiteElo "1705"]
[BlackElo "1448"]
[PlyCount "89"]
[EventDate "2018.10.05"]
[EventType "team-tourn"]
[EventRounds "11"]
[EventCountry "CZE"]
[SourceTitle "EXT 2023"]
[Source "ChessBase"]
[SourceDate "2022.10.05"]
[SourceVersion "1"]
[SourceVersionDate "2022.10.05"]
[SourceQuality "1"]
[WhiteTeam "Policka Stefanydes (U18)"]
[BlackTeam "Liberec Desko (U18)"]
[WhiteTeamCountry "CZE"]
[BlackTeamCountry "CZE"]

1. e4 e5 2. Nf3 Nc6 3. Bb5 d6 4. 0-0 Nf6 5. Re1 Be7 6. c3 0-0 7. d3 Bg4 8. Nbd2 a6 9. Ba4 b5 10. Bc2 Re8 11. h3 Bh5 12. Nf1 d5 13. Ng3 Bg6 14. Be3 dxe4 15. dxe4 Nh5 16. Nxe5 Qxd1 17. Bxd1 Nxg3 18. Nxg6 Nxe4 19. Nxe7+ Rxe7 20. Bf3 f5 21. Bf4 Rae8 22. Rad1 g5 23. Bxe4 gxf4 24. Bd5+ Kf8 25. Kf1 Rxe1+ 26. Rxe1 Rxe1+ 27. Kxe1 Ne7 28. Bb3 Kg7 29. Ke2 Kf6 30. Kd3 Ke5 31. Bd1 a5 32. b4 axb4 33. cxb4 Nd5 34. a3 Nb6 35. Kc3 Nc4 36. a4 Nd6 37. a5 Nc8 38. Be2 Na7 39. Bf3 h6 40. Kd3 Nc8 41. Be2 c5 42. bxc5 Kd5 43. c6 Kc5 44. Bf3 b4 45. c7 1-0

[Event "CZE-ch U16 Girls"]
[Site "Kouty nad Desnou"]
[Date "2017.03.17"]
[Round "8"]
[White "Postranecka, Zuzana"]
[Black "Smajzrova, Veronika"]
[Result "0-1"]
[WhiteElo "1252"]
[BlackElo "1557"]
[PlyCount "54"]
[EventDate "2017.03.11"]
[EventType "swiss"]
[EventRounds "9"]
[EventCountry "CZE"]
[SourceTitle "CBM 177 Extra"]
[Source "ChessBase"]
[SourceDate "2017.04.27"]
[SourceVersion "1"]
[SourceVersionDate "2017.04.27"]
[SourceQuality "1"]

1. e4 c5 2. d4 cxd4 3. c3 dxc3 4. Nxc3 Nc6 5. Bc4 e5 6. Nf3 Bb4 7. Ng5 Nh6 8. Qh5 Qf6 9. 0-0 Bxc3 10. bxc3 Qg6 11. Qh4 0-0 12. Ba3 d6 13. f4 exf4 14. Rxf4 Ne5 15. Be2 f6 16. Raf1 Bg4 17. Nf3 Bxf3 18. Bxf3 Qe8 19. Rd1 Qa4 20. Bb4 Nxf3+ 21. Rxf3 Qxd1+ 22. Rf1 Qg4 23. Qf2 Qxe4 24. Bxd6 Rfe8 25. Bf4 Nf7 26. Qg3 Rad8 27. h4 Rd3 0-1

[Event "CZE-ch U16 Girls"]
[Site "Kouty nad Desnou"]
[Date "2017.03.13"]
[Round "4"]
[White "Vilimova, Julie"]
[Black "Smajzrova, Veronika"]
[Result "1-0"]
[WhiteElo "1798"]
[BlackElo "1557"]
[PlyCount "51"]
[EventDate "2017.03.11"]
[EventType "swiss"]
[EventRounds "9"]
[EventCountry "CZE"]
[SourceTitle "CBM 177 Extra"]
[Source "ChessBase"]
[SourceDate "2017.04.27"]
[SourceVersion "1"]
[SourceVersionDate "2017.04.27"]
[SourceQuality "1"]

1. d4 d5 2. c4 e6 3. Nc3 Nf6 4. cxd5 exd5 5. Bg5 Be7 6. e3 0-0 7. Bd3 c6 8. Nf3 Bg4 9. h3 Bh5 10. Qb3 Qb6 11. Qc2 h6 12. Bf4 Nbd7 13. 0-0-0 c5 14. g4 Bg6 15. Bxg6 fxg6 16. Qxg6 Ne4 17. Nxd5 Qxg6 18. Nxe7+ Kf7 19. Nxg6 Kxg6 20. Rhf1 cxd4 21. Nxd4 Rac8+ 22. Kb1 Ndf6 23. f3 Nc5 24. Nf5 Kh7 25. Bd6 Rfe8 26. Ne7 1-0

[Event "CZE-ch U16 Girls"]
[Site "Kouty nad Desnou"]
[Date "2017.03.12"]
[Round "2"]
[White "Obsivacova, Jana"]
[Black "Smajzrova, Veronika"]
[Result "0-1"]
[WhiteElo "1148"]
[BlackElo "1557"]
[PlyCount "56"]
[EventDate "2017.03.11"]
[EventType "swiss"]
[EventRounds "9"]
[EventCountry "CZE"]
[SourceTitle "CBM 177 Extra"]
[Source "ChessBase"]
[SourceDate "2017.04.27"]
[SourceVersion "1"]
[SourceVersionDate "2017.04.27"]
[SourceQuality "1"]

1. e4 d5 2. exd5 Nf6 3. Nf3 Nxd5 4. d4 Bg4 5. c4 Nb6 6. Be3 e6 7. Bd3 Nc6 8. Nbd2 Bb4 9. 0-0 Bxd2 10. Bxd2 Nxd4 11. Be2 Nxf3+ 12. Bxf3 Bxf3 13. gxf3 Nxc4 14. Qa4+ c6 15. Qxc4 Qxd2 16. b3 0-0 17. Qh4 Qd3 18. Qh3 Rfd8 19. Kh1 Rd5 20. Rg1 Qf5 21. Qxf5 Rxf5 22. Kg2 Rg5+ 23. Kh1 Rxg1+ 24. Rxg1 Rd8 25. Kg2 Rd2 26. a4 Kf8 27. h3 Ke7 28. Rb1 Kd6 0-1

[Event "EU-ch U16 Girls 26th"]
[Site "Prague"]
[Date "2016.08.24"]
[Round "6"]
[White "Bierska, Adela"]
[Black "Smajzrova, Veronika"]
[Result "1-0"]
[WhiteElo "1722"]
[BlackElo "1442"]
[PlyCount "127"]
[EventDate "2016.08.18"]
[EventType "swiss"]
[EventRounds "9"]
[EventCountry "CZE"]
[SourceTitle "CBM 174 Extra"]
[Source "ChessBase"]
[SourceDate "2016.10.10"]
[SourceVersion "1"]
[SourceVersionDate "2016.10.10"]
[SourceQuality "1"]

1. e4 d5 2. exd5 Nf6 3. c4 e6 4. dxe6 Bxe6 5. Nf3 Be7 6. d4 c6 7. Bd3 0-0 8. 0-0 Nbd7 9. Nc3 Nb6 10. b3 Qc7 11. Bg5 Rad8 12. Qc2 g6 13. Bh6 Rfe8 14. Rfe1 Ng4 15. Bd2 Bf8 16. Bg5 Be7 17. h3 Bxg5 18. Nxg5 Nf6 19. Nxe6 Rxe6 20. Rxe6 fxe6 21. Re1 Rxd4 22. Rxe6 Kf7 23. Re3 Nbd7 24. Ne2 Rd6 25. c5 Re6 26. Bc4 Nd5 27. Rxe6 Kxe6 28. Qe4+ Qe5 29. Nf4+ Kf6 30. Bxd5 cxd5 31. Nxd5+ Ke6 32. Nc7+ Kf6 33. Qxb7 Qxc5 34. Nd5+ Ke6 35. Nf4+ Kd6 36. Qa6+ Qc6 37. Qd3+ Kc7 38. Ne2 Qd6 39. Qc4+ Kd8 40. Nd4 Ke8 41. Kf1 Kf8 42. Ke2 Qe5+ 43. Kd1 Qd6 44. Kc2 Qf6 45. Qb4+ Ke8 46. Qe1+ Kf7 47. Qe3 Ne5 48. Nf3 Nc6 49. Qc3 Qf5+ 50. Kb2 Ne7 51. Qd4 a5 52. Qe5 Qxe5+ 53. Nxe5+ Ke6 54. Nc4 Nc6 55. Ka3 Kd5 56. Ka4 Nb4 57. a3 Nd3 58. Kxa5 Kc5 59. Nd2 Nb2 60. b4+ Kc6 61. Ka6 Na4 62. b5+ Kc7 63. Nc4 Nc5+ 64. Ka7 1-0

[Event "EU-ch U16 Girls 26th"]
[Site "Prague"]
[Date "2016.08.21"]
[Round "4"]
[White "Ciocan, Maria Alexandra"]
[Black "Smajzrova, Veronika"]
[Result "1-0"]
[WhiteElo "1742"]
[BlackElo "1442"]
[PlyCount "87"]
[EventDate "2016.08.18"]
[EventType "swiss"]
[EventRounds "9"]
[EventCountry "CZE"]
[SourceTitle "CBM 174 Extra"]
[Source "ChessBase"]
[SourceDate "2016.10.10"]
[SourceVersion "1"]
[SourceVersionDate "2016.10.10"]
[SourceQuality "1"]

1. e4 e6 2. d3 d5 3. Nd2 dxe4 4. dxe4 e5 5. Bd3 Nc6 6. Ngf3 Bd6 7. h3 Be6 8. Nc4 h6 9. Qe2 Qd7 10. Bd2 0-0-0 11. 0-0-0 Nf6 12. Bc3 Bxc4 13. Bxc4 Rhe8 14. Bb5 Qe6 15. Kb1 Kb8 16. Rhe1 Nd7 17. Bxc6 bxc6 18. Qa6 Nb6 19. Nd2 f6 20. Nb3 Qc4 21. Qxc4 Nxc4 22. Rd3 g6 23. Rg3 Rg8 24. Rf3 f5 25. g3 Rgf8 26. Nc1 fxe4 27. Rxf8 Rxf8 28. Rxe4 Nb6 29. Nd3 Nd7 30. Re2 Kb7 31. Kc1 Re8 32. f4 e4 33. Nf2 e3 34. Ng4 Bc5 35. Nxh6 Re7 36. Ng4 Rh7 37. h4 Re7 38. b4 Bb6 39. Kd1 c5 40. b5 c4 41. Bd2 Nc5 42. Nxe3 Ne4 43. Nxc4 Nxd2 44. Nd6+ 1-0